000 00620nam a2200217Ia 4500
003 GCL
008 140319s9999 xx 000 0 ara d
040 _aGCL /
_cGCL
082 0 4 _a191
_bل ت
100 1 _aاوبكى , نيقولاى
245 1 0 _aتاريخ الفلسفة الروسية /
_cاوبكى , نيقولاى
700 1 _aفؤاد كامل
700 1 _aزكى نجيب محمود
260 _a[S.N] :
_bدار المعارف
300 _a464 ص
490 _a
650 0 4 _aتاريخ
650 0 4 _aالفلسفة الغربية
650 0 4 _aالفلسفة الروسية
942 _2ddc
_cBK
999 _c59070
_d59070